Effets Mandela (faux souvenirs) à partir d'une question - Statistiques

Statistiques générales
  • Ce quiz a été pris 228 fois
    94 depuis la dernière actualisation
  • Le résultat moyen est 7 sur 14
Statistiques - réponses
Question Fake news liée à un effet Mandela % Correct
De quelle couleur est le bout de la queue de Pikachu ? Noir
94%
Que porte le personnage à moustache du Monopoly ? Un Monocle
79%
De quelle couleur est la jambe droite de C-3PO ? Dorée
64%
Où est mort Nelson Mandela, célèbre opposant à l'Apartheid ? En prison
62%
Combien y a-t-il d'états aux États-Unis ? 52
59%
Quelle est la plus célèbre réplique de Dark Vador ? Luke, je suis ton père.
53%
Qu'y a-t-il entre Kit et Kat dans le nom de la fameuse marque ? Un tiret
44%
Que dit la méchante reine dans Blanche Neige et les sept nains à son miroir ? Miroir miroir, mon beau miroir...
43%
Qui a réalisé L'étrange noël de Mr. Jack ? Tim Burton
43%
Complétez la dernière strophe de We are the champions We are the champions {of the world}
40%
Quel animal est Sébastien de La petite sirène ? Un Homard
38%
Quel vêtement porte le personnage du logo Haribo ? Une salopette
33%
Par quoi le manifestant de la place Tiananmen s'est fait écraser ? Un char
32%
En quelle année est sorti le roman 1984 ? En 1948
20%
Aucun quiz correspondant
Distribution des résultats
% des personnes avec chaque résultat
Percentile par nombre de réponses
Votre historique - résultats
Vous n’avez pas pris ce quiz depuis la dernière actualisation